00643pab a2200193 454500008004000000100001800040245008800058260000900146300001500155362001000170650003100180650002600211650002500237650001800262773003400280909001000314999001700324952010800341180718b1996 xxu||||| |||| 00| 0 eng d aWeiner, Myron aChild labour in India: putting compulsory primary education on the political agenda c1996 ap.3007-014 a9 Nov aEducation, Primary - India aChild welfare - India aChild labour - India aChild workers aEconomic and Political Weekly a32542 c32542d32542 00104070aIIPAbIIPAd2018-07-19hVolume no: 31, Issue no: 45-46pAR32738r2018-07-19w2018-07-19yAR